width="1356"

Physics :Vol.2 (Record no. 1522)

MARC details
000 -LEADER
fixed length control field 00997nam a2200181 a 4500
020 ## - INTERNATIONAL STANDARD BOOK NUMBER
ISBN 8023900716
020 ## - INTERNATIONAL STANDARD BOOK NUMBER
ISBN 0879011831
082 ## - DEWEY DECIMAL CLASSIFICATION NUMBER
Classification number 530 TIP
100 1# - MAIN ENTRY--AUTHOR NAME
Personal name Tipler, Paul A.
245 10 - TITLE STATEMENT
Title Physics :Vol.2
250 ## - EDITION STATEMENT
Edition statement 2nd Edition.
260 ## - PUBLICATION, DISTRIBUTION, ETC. (IMPRINT)
Place of publication New Delhi
Name of publisher CBS
Year of publication 1992
300 ## - PHYSICAL DESCRIPTION
Number of Pages 538 p. to 1062p;
520 ## - SUMMARY, ETC.
Summary, etc The sixth edition offers a completely integrated text and media solution that will enable students to learn more effectively and professors to teach more efficiently. The text includes a new strategic problem-solving approach, an integrated Maths Tutorial, and new tools to improve conceptual understanding. It is also available in the following versions: "Volume 1 Mechanics/Oscillations and Waves/Thermodynamics" (Chapters 1-20), "Volume 3 Elementary Modern Physics" (Chapters 34-41), "Standard Version" (Chapters 1-33), and "Extended Version" (Chapters 1-41).
650 ## - SUBJECT ADDED ENTRY--TOPICAL TERM
Topical Term physics
856 40 - ELECTRONIC LOCATION AND ACCESS
Uniform Resource Identifier http://www.amazon.com/exec/obidos/ASIN/1429201339/chopaconline-20
942 ## - ADDED ENTRY ELEMENTS (KOHA)
Koha item type Books
Holdings
Withdrawn status Lost status Collection code Home library Current library Shelving location Date acquired Cost, normal purchase price Full call number Accession Number Koha item type
    Non-fiction Malabe Campus(Ichemc) Malabe Campus(Ichemc) General Stacks 08/07/2015 670.00 530 TIP 006244 Books

Contact Details

Librarian: Mrs.B.Hemakumara

Deputy Librarian:Mr.N.M.Waidyasuriya

Assistant Librarian:Mr.N.Mahindasiri

ICHEMC Library Management System